| 000 | 00765nas a2200253 4500 | ||
|---|---|---|---|
| 001 | BR9209475 | ||
| 003 | BR-BrBNA | ||
| 005 | 20231205093259.0 | ||
| 007 | ta | ||
| 008 | 230509b bl.|||p| |||| 00| 00por d | ||
| 040 |
_aBR-BrBNA _bpor _cBiblioteca Nacional de Agricultura |
||
| 041 | _a(Pt) | ||
| 072 | _aQ02 | ||
| 100 | 1 | _aLeonhardt, G.F. | |
| 100 | 1 | _aPenna, T.C.V. | |
| 100 | 1 | _aBaruffaldi, R. | |
| 100 | 1 | _aColombo, A.J. | |
| 245 | 1 | _aDeterminacao da difusividade termica da cenoura (Daucus carota L.) | |
| 650 | _aCENOURA | ||
| 650 | _aCONDUTIVIDADE TERMICA | ||
| 773 | 0 |
_tCiencia e Tecnologia de Alimentos (Brazil) _xISSN 0101-2061 _g(Jan-Jun 1983), v. 3(1) p. 68-74 _wBR9209475 |
|
| 909 |
_a202311 _bLúcia _c55 _dLúcia Elande |
||
| 942 |
_2AGRIS _n0 _cANA |
||
| 999 |
_c137267 _d137267 |
||